000 01014cam a2200289 i 4500
001 8692
003 Mx-PuUPA
005 20250712085729.0
008 140415s2013 sp gr 000 0 spa d
020 _a9788416240340
040 _aMx-PuUPA
_bspa
_cMx-PuUPA
_dMx-PuUPA
_erda
041 _aspa
100 1 _aGaiman, Neil
_eautor
240 1 4 _aThe ocean at the end of the lane.
_lEspañol
245 1 3 _aEl océano al final del camino /
_cNeil Gaiman, traducción de Mónica Faerna
250 _aPrimera edición /
_boctubre
264 1 _aBarcelona :
_bRoca Editorial de Libros,
_c©2013
300 _a321 páginas ;
_c19 cm
336 _2rdacontent
_atexto
_btxt
337 _2rdamedia
_asin medio
_bn
338 _2rdacarrier
_avolumen
_bnc
700 1 _aFaerna, Mónica,
_etraductor
765 _bPrimera edición
_dEspaña, 2016
_tThe ocean at the end of the lane
942 _2ddc
_cLI
_hxx
_iG27
999 _c8692
_d8692